[Event "Jaen-ch"]
[Site "Jaen"]
[Date "2022.02.11"]
[Round "6"]
[White "Moreno Bello, Miguel"]
[Black "Barruz Serrano, Antonio Angel"]
[Result "0-1"]
[WhiteElo "1628"]
[BlackElo "1963"]
[PlyCount "80"]
[EventDate "2022.02.04"]
[EventType "swiss"]
[EventRounds "7"]
[EventCountry "ESP"]
[SourceTitle "EXT 2023"]
[Source "ChessBase"]
[SourceDate "2022.10.05"]
[SourceVersion "1"]
[SourceVersionDate "2022.10.05"]
[SourceQuality "1"]

1. e4 c5 2. a3 Nc6 3. b4 e6 4. Nf3 cxb4 5. axb4 Bxb4 6. c3 Bf8 7. d4 d5 8. exd5 Qxd5 9. Na3 Bd6 10. Nb5 Bb8 11. Bd3 Qh5 12. Qe2 Nge7 13. c4 0-0 14. g4 Qxg4 15. Bxh7+ Kh8 16. Rg1 Qh5 17. Bc2 f6 18. Ba3 Re8 19. Bd6 Nf5 20. Bxb8 Rxb8 21. c5 Nb4 22. Be4 a6 23. Nd6 Nxd6 24. Bg6 Qh6 25. cxd6 Rd8 26. Rg4 Kg8 27. Qc4 Nd5 28. Rh4 Qxg6 29. Ne5 fxe5 30. Ra3 Qg1+ 31. Ke2 Bd7 32. Rg3 Qxg3 33. hxg3 Bb5 34. Qxb5 axb5 35. dxe5 Rbc8 36. Kd2 Rc4 37. f4 Nc3 38. f5 Ne4+ 39. Rxe4 Rxe4 40. fxe6 Rxe5 0-1

[Event "Andalucia-ch"]
[Site "Lucena"]
[Date "2012.05.01"]
[Round "9"]
[White "Barruz Serrano, Antonio Angel"]
[Black "Jimenez Melguizo, Francisco"]
[Result "1/2-1/2"]
[WhiteElo "1987"]
[BlackElo "1784"]
[PlyCount "62"]
[EventDate "2012.04.26"]
[EventType "swiss"]
[EventRounds "9"]
[EventCountry "ESP"]
[SourceTitle "EXT 2013"]
[Source "ChessBase"]
[SourceDate "2012.11.22"]
[SourceVersion "1"]
[SourceVersionDate "2012.11.22"]
[SourceQuality "1"]

1. e4 Nf6 2. e5 Nd5 3. d4 d6 4. Nf3 Bg4 5. Bc4 e6 6. 0-0 Nb6 7. Be2 Nc6 8. c3 dxe5 9. Nxe5 Bxe2 10. Qxe2 Nxe5 11. dxe5 Qh4 12. Nd2 Be7 13. Ne4 0-0 14. f4 Rfd8 15. h3 Rd7 16. Kh2 Bf8 17. Nf6+ gxf6 18. g3 Qh6 19. f5 Qg7 20. fxe6 fxe6 21. exf6 Qf7 22. c4 Rad8 23. h4 Rd3 24. Qg4+ Kh8 25. Bf4 Bd6 26. Rae1 Bxf4 27. Rxf4 Rg8 28. Qxe6 Qxe6 29. Rxe6 Rdxg3 30. Re2 R3g6 31. Re7 Rg2+ 1/2-1/2

[Event "Andorra op 27th"]
[Site "Arinsal"]
[Date "2009.07.18"]
[Round "1"]
[White "Arizmendi Martinez, Julen Luis"]
[Black "Barruz Serrano, Antonio Angel"]
[Result "1-0"]
[WhiteElo "2528"]
[BlackElo "2008"]
[PlyCount "37"]
[EventDate "2009.07.18"]
[EventType "swiss"]
[EventRounds "9"]
[EventCountry "AND"]
[SourceTitle "CBM 131 Extra"]
[Source "ChessBase"]
[SourceDate "2009.09.03"]
[SourceVersion "2"]
[SourceVersionDate "2009.09.16"]
[SourceQuality "1"]

1. Nf3 Nf6 2. c4 e6 3. Nc3 b6 4. g3 Bb7 5. Bg2 Be7 6. 0-0 0-0 7. Re1 d6 8. e4 c5 9. d4 cxd4 10. Nxd4 Qc8 11. Be3 Rd8 12. Rc1 Nbd7 13. f4 Nf8 14. Qe2 Rd7 15. g4 Qc7 16. g5 Ne8 17. f5 Rc8 18. fxe6 fxe6 19. Bh3 1-0